[Event "SVK-chT1W 2223"]
[Site "Slovakia"]
[Date "2022.10.16"]
[Round "2.5"]
[White "Kuna, Vladimir"]
[Black "Bella, Julius"]
[Result "0-1"]
[WhiteElo "1923"]
[BlackElo "1932"]
[PlyCount "74"]
[EventDate "2022.10.15"]
[EventType "team-tourn"]
[EventRounds "11"]
[EventCountry "SVK"]
[SourceTitle "EXT 2024"]
[Source "ChessBase"]
[SourceDate "2023.10.10"]
[SourceVersion "1"]
[SourceVersionDate "2023.10.10"]
[SourceQuality "1"]
[WhiteTeam "Bratislava Slovan III"]
[BlackTeam "Trnava Sered"]
[WhiteTeamCountry "SVK"]
[BlackTeamCountry "SVK"]

1. d4 Nf6 2. Nf3 g6 3. c4 Bg7 4. Nc3 0-0 5. e3 d6 6. Be2 Nbd7 7. 0-0 Re8 8. Qc2 e5 9. dxe5 dxe5 10. e4 c6 11. Be3 Qc7 12. Rad1 Ng4 13. Bc1 Nc5 14. h3 Nf6 15. b3 Ne6 16. Be3 Nh5 17. c5 Nef4 18. Ng5 Nxe2+ 19. Nxe2 h6 20. Nf3 Be6 21. Nd2 f5 22. Nc4 f4 23. Bc1 f3 24. Ng3 fxg2 25. Kxg2 Nf4+ 26. Kh2 Qe7 27. Bxf4 exf4 28. Ne2 Qxc5 29. Qd3 Rad8 30. Qf3 Bxc4 31. bxc4 Qxc4 32. Rxd8 Rxd8 33. Rg1 g5 34. h4 Rd3 35. Qg4 Qxe4 36. hxg5 hxg5 37. Qxg5 Qh7+ 0-1

[Event "SVK-chT2A 2223"]
[Site "Slovakia"]
[Date "2022.10.08"]
[Round "1.6"]
[White "Heriban, Karol"]
[Black "Kuna, Vladimir"]
[Result "0-1"]
[WhiteElo "1633"]
[BlackElo "1934"]
[PlyCount "90"]
[EventDate "2022.10.08"]
[EventType "team-tourn"]
[EventRounds "11"]
[EventCountry "SVK"]
[SourceTitle "CBM 210 Extra"]
[Source "ChessBase"]
[SourceDate "2022.11.30"]
[SourceVersion "1"]
[SourceVersionDate "2022.11.30"]
[SourceQuality "1"]
[WhiteTeam "Senec"]
[BlackTeam "Bratislava Slovan IV"]
[WhiteTeamCountry "SVK"]
[BlackTeamCountry "SVK"]

1. d4 d5 2. c4 e6 3. Nc3 Nf6 4. Bg5 Be7 5. e3 c6 6. cxd5 Nxd5 7. Bxe7 Qxe7 8. Rc1 0-0 9. Bd3 Nd7 10. Nf3 Re8 11. 0-0 Nxc3 12. Rxc3 e5 13. dxe5 Nxe5 14. Nxe5 Qxe5 15. Qc2 h6 16. e4 Bg4 17. f3 Be6 18. Qa4 Red8 19. Rd1 Rd4 20. Qc2 Rad8 21. g3 Qd6 22. Kf2 c5 23. e5 Qd7 24. Bh7+ Kh8 25. Rcd3 b6 26. b3 Qe7 27. Be4 Qg5 28. f4 Qh5 29. Kg1 g6 30. Rxd4 cxd4 31. Rd2 Qg4 32. Qd1 Kg7 33. Qxg4 Bxg4 34. Kf2 f6 35. Rc2 fxe5 36. Rc7+ Kf6 37. Rc6+ Be6 38. fxe5+ Kxe5 39. Bxg6 d3 40. Bh5 Bd5 41. Rxh6 Kd4 42. Rh7 Rf8+ 43. Ke1 Ke3 44. Re7+ Be4 45. Rd7 Rf2 0-1

[Event "SVK-chT1W 2122"]
[Site "Slovakia"]
[Date "2022.05.15"]
[Round "11.6"]
[White "Balogh, Peter1111"]
[Black "Kuna, Vladimir"]
[Result "1-0"]
[WhiteElo "2049"]
[BlackElo "1950"]
[PlyCount "83"]
[EventDate "2021.11.06"]
[EventType "team-tourn"]
[EventRounds "11"]
[EventCountry "SVK"]
[SourceTitle "EXT 2023"]
[Source "ChessBase"]
[SourceDate "2022.10.05"]
[SourceVersion "1"]
[SourceVersionDate "2022.10.05"]
[SourceQuality "1"]
[WhiteTeam "Gabcikovo MSK"]
[BlackTeam "Bratislava Slovan III"]
[WhiteTeamCountry "SVK"]
[BlackTeamCountry "SVK"]

1. e4 c5 2. Nf3 d6 3. d4 cxd4 4. Nxd4 Nf6 5. Nc3 a6 6. Bg5 e6 7. f4 Be7 8. Qf3 Qc7 9. 0-0-0 Nbd7 10. g4 b5 11. Bxf6 gxf6 12. f5 Ne5 13. Qh3 b4 14. Nce2 exf5 15. gxf5 Bb7 16. Ng3 Rc8 17. Kb1 Nf3 18. Qg2 Ne5 19. Nh5 Kd7 20. Bd3 Rhg8 21. Qd2 Rg5 22. Nf4 Qb6 23. Rhf1 Rcg8 24. Nf3 Nxf3 25. Rxf3 Rg1 26. Bf1 Bxe4 27. Re3 Bb7 28. Qf2 Kd8 29. Rde1 d5 30. Nd3 Bd6 31. Qh4 R1g5 32. Qxh7 d4 33. R3e2 Bd5 34. Qh6 Rxf5 35. Bh3 Rf3 36. Bg2 Qa5 37. Bxf3 Qxa2+ 38. Kc1 Be6 39. Qxf6+ Kc7 40. Rxe6 fxe6 41. Qf7+ Kb6 42. Qxg8 1-0

[Event "SVK-chT2A 1819"]
[Site "Slovakia"]
[Date "2018.12.15"]
[Round "5.7"]
[White "Sulek, Viliam"]
[Black "Kuna, Vladimir"]
[Result "0-1"]
[WhiteElo "1989"]
[BlackElo "2009"]
[PlyCount "82"]
[EventDate "2018.10.13"]
[EventType "team-tourn"]
[EventRounds "11"]
[EventCountry "SVK"]
[SourceTitle "CBM 189 Extra"]
[Source "ChessBase"]
[SourceDate "2019.06.03"]
[SourceVersion "1"]
[SourceVersionDate "2019.06.03"]
[SourceQuality "1"]
[WhiteTeam "Bratislava Slovan V"]
[BlackTeam "Bratislava Slovan IV"]
[WhiteTeamCountry "SVK"]
[BlackTeamCountry "SVK"]

1. e4 c5 2. Nf3 d6 3. d4 cxd4 4. Nxd4 Nf6 5. Nc3 a6 6. g3 e6 7. Bg2 Be7 8. 0-0 0-0 9. a4 Qc7 10. h3 Bd7 11. g4 Nc6 12. Be3 Nxd4 13. Bxd4 Bc6 14. Re1 Rac8 15. a5 Nd7 16. f4 Rfe8 17. Re2 Bh4 18. Be3 Bf6 19. Ra3 Be7 20. Bf2 h6 21. Qe1 Bf6 22. h4 Bxc3 23. Rxc3 Qxa5 24. g5 hxg5 25. hxg5 Bb5 26. Ree3 Rxc3 27. Rxc3 Bc6 28. Qd1 Qb5 29. Qh5 Qxb2 30. Rh3 Kf8 31. c3 g6 32. Qh6+ Ke7 33. f5 exf5 34. exf5 Qb1+ 35. Kh2 Qxf5 36. Qh4 Ne5 37. Bxc6 bxc6 38. Re3 Kd7 39. Kh1 Rb8 40. Kg2 Rb2 41. Kf1 Rxf2+ 0-1

[Event "SVK-chT2A 1415"]
[Site "Slovakia"]
[Date "2015.02.15"]
[Round "9.8"]
[White "Hulla, Stanislav"]
[Black "Kuna, Vladimir"]
[Result "1/2-1/2"]
[WhiteElo "1959"]
[BlackElo "1989"]
[PlyCount "54"]
[EventDate "2014.10.11"]
[EventType "team-tourn"]
[EventRounds "11"]
[EventCountry "SVK"]
[SourceTitle "EXT 2016"]
[Source "ChessBase"]
[SourceDate "2015.10.08"]
[SourceVersion "1"]
[SourceVersionDate "2015.10.08"]
[SourceQuality "1"]
[WhiteTeam "Pezinok"]
[BlackTeam "Bratislava DP"]
[WhiteTeamCountry "SVK"]
[BlackTeamCountry "SVK"]

1. d4 d5 2. Bf4 Nf6 3. e3 c6 4. c4 e6 5. Nf3 Bb4+ 6. Nbd2 0-0 7. a3 Bxd2+ 8. Nxd2 Nbd7 9. Bd3 Re8 10. Nf3 dxc4 11. Bxc4 Nd5 12. Bg3 Nf8 13. 0-0 Ng6 14. Rc1 Nf6 15. h3 b6 16. Qe2 Bb7 17. Rfd1 Qe7 18. Bh2 Rac8 19. b4 Ra8 20. Ba6 Rec8 21. Rc2 b5 22. Bxb7 Qxb7 23. Rdc1 a5 24. Ne5 Nxe5 25. Bxe5 Nd7 26. Bd6 axb4 27. axb4 Nb6 1/2-1/2

[Event "SVK-chT2A 1415"]
[Site "Slovakia"]
[Date "2015.02.01"]
[Round "7.7"]
[White "Kuna, Vladimir"]
[Black "Falticko, Pavol"]
[Result "1-0"]
[WhiteElo "1989"]
[BlackElo "1921"]
[PlyCount "37"]
[EventDate "2014.10.11"]
[EventType "team-tourn"]
[EventRounds "11"]
[EventCountry "SVK"]
[SourceTitle "EXT 2016"]
[Source "ChessBase"]
[SourceDate "2015.10.08"]
[SourceVersion "1"]
[SourceVersionDate "2015.10.08"]
[SourceQuality "1"]
[WhiteTeam "Bratislava DP"]
[BlackTeam "Bratislava Doprastav II"]
[WhiteTeamCountry "SVK"]
[BlackTeamCountry "SVK"]

1. d4 d5 2. Nf3 Nf6 3. c4 e6 4. Nc3 c6 5. Bg5 Be7 6. e3 Nbd7 7. Rc1 Ng4 8. Bxe7 Qxe7 9. h3 Ngf6 10. Bd3 e5 11. dxe5 Nxe5 12. Nxe5 Qxe5 13. 0-0 0-0 14. cxd5 Nxd5 15. Nxd5 Qxd5 16. Bc4 Qg5 17. Qf3 Qe5 18. Rfd1 Qxb2 19. Qxf7+ 1-0

[Event "SVK-chT2A 1213"]
[Site "Slovakia"]
[Date "2013.03.17"]
[Round "11.6"]
[White "Rachela, Jozef"]
[Black "Kuna, Vladimir"]
[Result "1/2-1/2"]
[WhiteElo "2093"]
[BlackElo "2016"]
[PlyCount "32"]
[EventDate "2012.10.13"]
[EventType "team-tourn"]
[EventRounds "11"]
[EventCountry "SVK"]
[SourceTitle "EXT 2015"]
[Source "ChessBase"]
[SourceDate "2014.11.20"]
[SourceVersion "1"]
[SourceVersionDate "2014.11.20"]
[SourceQuality "1"]
[WhiteTeam "Dunajska Streda II"]
[BlackTeam "Bratislava DP"]
[WhiteTeamCountry "SVK"]
[BlackTeamCountry "SVK"]

1. d4 d5 2. Nf3 e6 3. c4 Nf6 4. Bg5 Be7 5. e3 0-0 6. Nc3 c6 7. Rc1 Nbd7 8. cxd5 exd5 9. Bd3 h6 10. Bh4 Ne4 11. Bxe7 Qxe7 12. 0-0 Nxc3 13. Rxc3 Nf6 14. Ne5 Nd7 15. Qh5 Nxe5 16. dxe5 Qg5 1/2-1/2